Principles of the Spin Model Checker

The Spin model checker is a widely used professional software tool for specifying and verifying concurrent and distributed systems. Models, written in a simple language called Promela, can be simulated randomly or interactively. Spin can generate efficient verifiers that search for a counterexample...

Πλήρης περιγραφή

Λεπτομέρειες βιβλιογραφικής εγγραφής
Κύριος συγγραφέας: Ben-Ari, Mordechai (Συγγραφέας)
Συγγραφή απο Οργανισμό/Αρχή: SpringerLink (Online service)
Μορφή: Ηλεκτρονική πηγή Ηλ. βιβλίο
Γλώσσα:English
Έκδοση: London : Springer London, 2008.
Θέματα:
Διαθέσιμο Online:Full Text via HEAL-Link
LEADER 03882nam a22005415i 4500
001 978-1-84628-770-1
003 DE-He213
005 20151204165658.0
007 cr nn 008mamaa
008 100301s2008 xxk| s |||| 0|eng d
020 |a 9781846287701  |9 978-1-84628-770-1 
024 7 |a 10.1007/978-1-84628-770-1  |2 doi 
040 |d GrThAP 
050 4 |a QA76.758 
072 7 |a UMZ  |2 bicssc 
072 7 |a UL  |2 bicssc 
072 7 |a COM051230  |2 bisacsh 
082 0 4 |a 005.1  |2 23 
100 1 |a Ben-Ari, Mordechai.  |e author. 
245 1 0 |a Principles of the Spin Model Checker  |h [electronic resource] /  |c by Mordechai Ben-Ari. 
264 1 |a London :  |b Springer London,  |c 2008. 
300 |a XVI, 220 p. 17 illus.  |b online resource. 
336 |a text  |b txt  |2 rdacontent 
337 |a computer  |b c  |2 rdamedia 
338 |a online resource  |b cr  |2 rdacarrier 
347 |a text file  |b PDF  |2 rda 
505 0 |a Sequential Programming in Promela -- Verification of Sequential Programs -- Concurrency -- Synchronization -- Verification with Temporal Logic -- Data and Program Structures -- Channels -- Nondeterminism -- Advanced Topics in Promela -- Advanced Topics in Spin -- Case Studies. 
520 |a The Spin model checker is a widely used professional software tool for specifying and verifying concurrent and distributed systems. Models, written in a simple language called Promela, can be simulated randomly or interactively. Spin can generate efficient verifiers that search for a counterexample to correctness specifications applied to a model. Spin is also a superb tool for teaching important concepts of computer science such as verification, concurrency and nondeterminism. The Promela language is easy to learn, as is the linear temporal logic used for correctness specifications, and the techniques for simulating and verifying models. Principles of Spin is an introductory book for students and practicing software engineers who wish to learn Promela and Spin. The presentation starts with the verification of sequential programs and proceeds in gradual stages to the verification of concurrent and then distributed programs. Complete programs are used to demonstrate each construct and concept, and the source code of these programs, together with that of longer case studies, are available on the companion website. The book describes free software that the author has developed: jSpin—an integrated development environment for Spin, SpinSpider—a visualization tool that automatically constructs graphical state diagrams of concurrent programs, and VN—a Spin-based tool for visualizing nondeterminism of finite automata. Mordechai Ben-Ari is an associate professor in the Department of Science Teaching of the Weizmann Institute of Science. He is the author of numerous textbooks on concurrency, programming languages and logic, and has developed software tools for teaching concurrency. In 2004, Ben-Ari received the ACM/SIGCSE Award for Outstanding Contributions to Computer Science Education. 
650 0 |a Computer science. 
650 0 |a Software engineering. 
650 0 |a Computer programming. 
650 0 |a Programming languages (Electronic computers). 
650 0 |a Operating systems (Computers). 
650 0 |a Computers. 
650 0 |a Computer logic. 
650 1 4 |a Computer Science. 
650 2 4 |a Software Engineering/Programming and Operating Systems. 
650 2 4 |a Programming Techniques. 
650 2 4 |a Programming Languages, Compilers, Interpreters. 
650 2 4 |a Operating Systems. 
650 2 4 |a Theory of Computation. 
650 2 4 |a Logics and Meanings of Programs. 
710 2 |a SpringerLink (Online service) 
773 0 |t Springer eBooks 
776 0 8 |i Printed edition:  |z 9781846287695 
856 4 0 |u http://dx.doi.org/10.1007/978-1-84628-770-1  |z Full Text via HEAL-Link 
912 |a ZDB-2-SCS 
950 |a Computer Science (Springer-11645)